000 00247nam a2200109Ia 4500
008 190216s9999||||xx |||||||||||||| ||und||
100 _aPrabhakarn
245 0 _aKrishi Sangigam
260 _bPoorna Pubs Kozhikode
650 _aBotany
942 _cBK
999 _c40422
_d40422